000 00526nam a2200193Ia 4500
005 20250326143239.0
008 250326s9999 xx 000 0 und d
020 _a81-7649-611-1
037 _aTextbook
040 _aFMSL
_beng
_cFMSL
041 _aeng
_2eng
084 _aX:8C P4
_qFMSL
100 _aGuha A K
_9747695
245 0 _aCash before you crash
_cGuha A K; Atthreya N H
260 _aNew Delhi
_bNew Delhi, Viva Books
_c2004
300 _a475p
942 _cTB
_hX:8C P4
999 _c1298760
_d1298760